Normal view MARC view

Entry Topical Term

Number of records used in: 1

001 - CONTROL NUMBER

  • control field: 40352

003 - CONTROL NUMBER IDENTIFIER

  • control field: OSt

005 - DATE AND TIME OF LATEST TRANSACTION

  • control field: 20230906162225.0

008 - FIXED-LENGTH DATA ELEMENTS

  • fixed length control field: 230906|| aca||aabn | a|a d

040 ## - CATALOGING SOURCE

  • Original cataloging agency: OSt
  • Transcribing agency: OSt

150 ## - HEADING--TOPICAL TERM

  • Topical term or geographic name entry element: Incentivization, Inter organizational relationships, Contracting behavior, Project performance.

670 ## - SOURCE DATA FOUND

  • Source citation: Work cat.: (OSt): Zhu, Liuying and Cheung, Sai On 40351, Incentivizing relationship investment for project performance improvementv

Powered by Koha